[Event "ICS rated blitz match"]
[Site "204.178.125.65"]
[Date "2000.12.09"]
[Round "?"]
[White "Hossa"]
[Black "PostModernist"]
[Result "1/2-1/2"]
[WhiteElo "2542"]
[BlackElo "2534"]
[PlyCount "147"]
[EventDate "2000.??.??"]

1. e4 e6 2. d4 d5 3. Nd2 a6 4. Ngf3 c5 5. exd5 exd5 6. dxc5 Bxc5 7. Nb3 Ba7 8.
Bd3 Qe7+ 9. Qe2 Nc6 10. O-O Qxe2 11. Bxe2 Nf6 12. Bf4 O-O 13. Bd3 Re8 14. Rae1
Bg4 15. Ne5 Nb4 16. Nxg4 Nxg4 17. Rd1 Nxd3 18. cxd3 Re2 19. Rd2 Rae8 20. d4
R2e4 21. g3 R4e6 22. Rc1 Re1+ 23. Rxe1 Rxe1+ 24. Kg2 f5 25. f3 Nf6 26. Rc2 Kf7
27. Kf2 Re8 28. Rc7+ Re7 29. Rxe7+ Kxe7 30. h3 h6 31. Be5 g5 32. Ke3 Bb6 33. a4
Ke6 34. a5 Ba7 35. g4 Nd7 36. gxf5+ Kxf5 37. Bd6 h5 38. Bh2 b5 39. axb6 Bxb6
40. Nc1 Nf8 41. Nd3 Ne6 42. Be5 a5 43. b3 Bd8 44. Bd6 Bf6 45. Bc5 Bg7 46. Bb6
Bf8 47. Bxa5 Bh6 48. Nc5 Nf4 49. Bc7 Nxh3 50. Ke2 Nf4+ 51. Bxf4 gxf4 52. b4 Bg7
53. Nb3 h4 54. Kf2 Bf6 55. Kg2 Ke6 56. b5 Be7 57. Kh3 Kd6 58. Nc1 Kc7 59. Nd3
Kb6 60. Nxf4 Kxb5 61. Nxd5 Bd8 62. Ne3 Kc6 63. Kg4 Bf6 64. d5+ Kd6 65. f4 Kc5
66. f5 Kd4 67. Ng2 Ke4 68. Nf4 Be7 69. f6 Bxf6 70. d6 Ke5 71. d7 Kd6 72. d8=Q+
Bxd8 73. Ng6 h3 74. Kxh3 {Game drawn because neither player has mating material
} 1/2-1/2

[Event "ICS Rated bullet match"]
[Site "204.178.125.65"]
[Date "2000.12.09"]
[Round "?"]
[White "Lordof-deskys"]
[Black "Hossa"]
[Result "0-1"]
[WhiteElo "2075"]
[BlackElo "2572"]
[PlyCount "43"]
[EventDate "2000.??.??"]

1. e4 c5 2. Nc3 Nc6 3. f4 e6 4. Nf3 Nge7 5. Bb5 a6 6. Bxc6 Nxc6 7. O-O d5 8. d3
Be7 9. Qe1 Nd4 10. Nxd4 cxd4 11. Nd1 dxe4 12. dxe4 Bd7 13. Nf2 O-O 14. Nd3 Rc8
15. Qe2 Qc7 16. c3 dxc3 17. bxc3 Bb5 18. Rf3 Rfd8 19. Bb2 Bxd3 20. Rxd3 Rxd3
21. Qxd3 Qb6+ 22. Kh1 {Lordof-deskys resigns} 0-1

[Event "ICS unrated blitz match"]
[Site "204.178.125.65"]
[Date "2000.12.09"]
[Round "?"]
[White "Hossa"]
[Black "diep"]
[Result "0-1"]
[WhiteElo "2542"]
[BlackElo "2747"]
[PlyCount "228"]
[EventDate "2000.??.??"]

1. e4 e5 2. Nf3 Nc6 3. Bb5 a6 4. Ba4 Nf6 5. O-O Be7 6. Re1 b5 7. Bb3 O-O 8. h3
Bb7 9. d3 d6 10. a3 Na5 11. Ba2 c5 12. Nc3 c4 13. Be3 Rc8 14. Rc1 h6 15. Qe2
Qd7 16. Rf1 Qd8 17. b4 cxb3 18. cxb3 d5 19. Nxd5 Nxd5 20. Rxc8 Qxc8 21. exd5
Bxd5 22. Nxe5 Qe6 23. Qb2 Nxb3 24. Re1 Bf6 25. Ba7 Ra8 26. Bxb3 Bxb3 27. Bc5
Re8 28. d4 Bd5 29. Qc3 Qf5 30. Ng4 Rxe1+ 31. Qxe1 Bg5 32. Qe8+ Kh7 33. Qe1 Bf4
34. Qd1 Qe4 35. f3 Qe6 36. Bb4 f5 37. Nf2 Qe3 38. Qc2 Kg6 39. Qd3 Qc1+ 40. Qd1
Qxd1+ 41. Nxd1 Bb3 42. Nf2 Be3 43. Bc5 Bc4 44. g4 h5 45. gxf5+ Kxf5 46. Kg2 g6
47. Ne4 Bd5 48. Nc3 Bb3 49. Ne4 Bd5 50. Nc3 Bb3 51. Ne4 g5 52. Nd6+ Kg6 53. Kg3
Bd5 54. Nc8 Kf6 55. Nd6 Kg6 56. Nc8 Kf6 57. Nd6 Ke6 58. Ne8 Kf5 59. Nd6+ Kf6
60. Ne4+ Kg6 61. Nd6 Bc1 62. Nc8 Kf6 63. Nb6 Bf4+ 64. Kg2 Bf7 65. d5 Be8 66.
Bd4+ Be5 67. Bc5 Bb2 68. Nc8 a5 69. Kg3 Be5+ 70. Kg2 Bb2 71. Kg3 Ke5 72. Ne7
Bc1 73. Kh2 Bf4+ 74. Kg2 Bd2 75. Kf1 Bc1 76. Kg1 Bd7 77. Kg2 Bd2 78. Kg3 b4 79.
axb4 axb4 80. h4 b3 81. Ba3 gxh4+ 82. Kxh4 Bc3 83. f4+ Kxf4 84. Kxh5 Ke5 85.
Kg6 b2 86. Bxb2 Be8+ 87. Kg7 Bxb2 88. Kh6 Kd6 89. Nf5+ Kxd5 90. Kg5 Ke5 91. Nh4
Bc3 92. Ng6+ Ke4 93. Ne7 Bb5 94. Kg6 Ke5 95. Kg5 Bd2+ 96. Kg4 Be8 97. Kf3 Bg5
98. Nc8 Bd8 99. Na7 Bd7 100. Ke2 Bb6 101. Kd3 Bxa7 102. Kc4 Be3 103. Kd3 Bd4
104. Ke2 Bb5+ 105. Kf3 Kf5 106. Kg3 Be2 107. Kh4 Bf2+ 108. Kh3 Bf1+ 109. Kh2
Ke4 110. Kh1 Be3 111. Kh2 Kf3 112. Kh1 Kf2 113. Kh2 Bf4+ 114. Kh1 Bg2# {
Hossa checkmated} 0-1

[Event "ICS rated blitz match"]
[Site "204.178.125.65"]
[Date "2000.12.09"]
[Round "?"]
[White "kakerlak"]
[Black "Hossa"]
[Result "0-1"]
[WhiteElo "2061"]
[BlackElo "2542"]
[PlyCount "42"]
[EventDate "2000.??.??"]

1. e4 e5 2. f4 exf4 3. Nf3 h6 4. Bc4 c6 5. O-O d5 6. exd5 cxd5 7. Re1+ Be7 8.
Bb5+ Bd7 9. Bxd7+ Nxd7 10. d4 g5 11. c4 dxc4 12. d5 Qb6+ 13. Kh1 O-O-O 14. Nc3
Bb4 15. Bd2 Ngf6 16. a3 Ng4 17. Rf1 Bc5 18. Qa4 Nf2+ 19. Rxf2 Bxf2 20. Nb5 a6
21. Qxc4+ Kb8 {kakerlak resigns} 0-1

[Event "ICS rated blitz match"]
[Site "204.178.125.65"]
[Date "2000.12.09"]
[Round "?"]
[White "Hossa"]
[Black "PostModernist"]
[Result "1/2-1/2"]
[WhiteElo "2544"]
[BlackElo "2560"]
[PlyCount "276"]
[EventDate "2000.??.??"]

1. e4 e6 2. d4 d5 3. Nd2 c5 4. Ngf3 Nc6 5. dxc5 Bxc5 6. exd5 Qxd5 7. Bc4 Qd6 8.
O-O Nf6 9. Nb3 Qxd1 10. Rxd1 Bb6 11. Bg5 Ng4 12. Bh4 O-O 13. Bg3 Re8 14. h3 Nf6
15. Bh4 Ne4 16. Bd3 Nc5 17. Nxc5 Bxc5 18. c3 a5 19. Ng5 f5 20. Bc4 h6 21. Nf3
f4 22. Bd3 g5 23. Nxg5 hxg5 24. Bxg5 e5 25. Be4 Be6 26. Re1 Bd6 27. Rad1 Bc7
28. h4 Rf8 29. a4 Ra6 30. Kf1 Rf7 31. Ke2 Rb6 32. Rd2 Bb3 33. Ra1 Bc4+ 34. Kf3
Kh8 35. Rg1 Rb3 36. Bg6 Rf8 37. Rd7 e4+ 38. Kxe4 Rxb2 39. Re1 Be5 40. Bh6 Rc8
41. Bxf4 Bxc3 42. Rc1 Re2+ 43. Be3 Ne5 44. Rh7+ Kg8 45. Rxc3 Nxg6 46. Rh6 Re8+
47. Kf3 Ne5+ 48. Kf4 Ra2 49. Rh5 Nd3+ 50. Kg3 Rxa4 51. Rg5+ Kf7 52. Bb6 Re6 53.
Rf5+ Ke7 54. Rxa5 Rg6+ 55. Kh2 Rxa5 56. Bxa5 Rg4 57. f4 Rxf4 58. Kg3 Re4 59.
Bb6 Ke6 60. Ra3 Ne5 61. Ra1 Rg4+ 62. Kh3 Bd3 63. Ra8 Bf5 64. Re8+ Kd5 65. Rf8
Be6 66. Kh2 Rxh4+ 67. Kg1 Rh7 68. Rd8+ Bd7 69. Kf2 Nc4 70. Ba7 Rf7+ 71. Ke1 b6
72. Bb8 b5 73. Ba7 b4 74. Rb8 Ba4 75. Bb6 b3 76. Bg1 b2 77. g4 Bc2 78. Rb5+ Ke4
79. Rxb2 Nxb2 80. Kd2 Ba4 81. Kc3 Nd3 82. Kd2 Rc7 83. Ke2 Rc2+ 84. Kf1 Rc1+ 85.
Kg2 Rxg1+ 86. Kxg1 Ne5 87. Kf2 Nxg4+ 88. Ke2 Ne3 89. Kd2 Bc6 90. Kc3 Bd5 91.
Kb2 Kd4 92. Kb1 Kc3 93. Kc1 Be6 94. Kb1 Nf5 95. Ka1 Nd4 96. Kb1 Nb3 97. Ka2 Bf5
98. Ka3 Nd2 99. Ka2 Be4 100. Ka1 Nf3 101. Ka2 Bg6 102. Ka1 Bf7 103. Kb1 Nd4
104. Ka1 Bg6 105. Ka2 Nc2 106. Kb1 Ne3+ 107. Ka2 Bh7 108. Ka1 Bd3 109. Ka2 Bf5
110. Ka1 Be4 111. Ka2 Nc2 112. Kb1 Bd3 113. Ka2 Bf5 114. Kb1 Bh7 115. Ka2 Nd4
116. Ka1 Be4 117. Ka2 Bg6 118. Ka1 Bh7 119. Ka2 Bg8+ 120. Ka1 Nf3 121. Kb1 Be6
122. Ka1 Bd5 123. Kb1 Ne1 124. Kc1 Nd3+ 125. Kb1 Nc5 126. Ka1 Nb3+ 127. Kb1 Na5
128. Ka1 Nc6 129. Kb1 Bf7 130. Ka1 Na5 131. Kb1 Nb3 132. Ka2 Bg6 133. Ka3 Nc1
134. Ka4 Nd3 135. Kb5 Ne5 136. Kc5 Be4 137. Kd6 Kd4 138. Ke6 Nf7 {
Game drawn by the 50 move rule} 1/2-1/2

[Event "ICS rated blitz match"]
[Site "204.178.125.65"]
[Date "2000.12.09"]
[Round "?"]
[White "PostModernist"]
[Black "Hossa"]
[Result "0-1"]
[WhiteElo "2559"]
[BlackElo "2545"]
[PlyCount "222"]
[EventDate "2000.??.??"]

1. d4 Nf6 2. c4 e6 3. Nf3 b6 4. g3 Bb7 5. Bg2 Be7 6. Nc3 Ne4 7. Bd2 Nxd2 8.
Qxd2 O-O 9. O-O d6 10. e4 Nd7 11. Rad1 Re8 12. Rfe1 a6 13. e5 b5 14. cxb5 axb5
15. Nxb5 Rxa2 16. Qc2 Qb8 17. Nxc7 Rc8 18. exd6 Bxf3 19. dxe7 Bxd1 20. Rxd1 Nf6
21. Qc4 Rxb2 22. Rc1 Rb1 23. Rxb1 Qxb1+ 24. Bf1 Qb7 25. e8=Q+ Nxe8 26. Nxe8
Rxc4 27. Nd6 Qd5 28. Nxc4 Qxd4 29. h4 Qe4 30. Nd6 Qb1 31. Nb5 Qd1 32. Nc3 Qd2
33. Ne4 Qd4 34. Ng5 Qd5 35. Bg2 Qd1+ 36. Kh2 h6 37. Nh3 e5 38. f4 f6 39. fxe5
fxe5 40. Nf2 Qd2 41. Ne4 Qe2 42. Nc3 Qd3 43. Ne4 h5 44. Ng5 g6 45. Bf3 Kg7 46.
Kg2 Qc2+ 47. Kg1 Kf6 48. Ne4+ Ke6 49. Nf2 Qd2 50. Bb7 g5 51. hxg5 Kf5 52. Be4+
Kxg5 53. Bf3 Qc2 54. Ne4+ Kg6 55. Nf2 Qd2 56. Be4+ Kf6 57. Bf3 Qe1+ 58. Kg2 Kg5
59. Ne4+ Kg6 60. Nf2 Qc3 61. Be2 Qe3 62. Bf3 Qb3 63. Be4+ Kg5 64. Bf3 Qb2 65.
Kg1 Qc1+ 66. Kg2 Qc2 67. Kf1 Qb1+ 68. Kg2 Qc1 69. Nh3+ Kh6 70. Be4 Qc3 71. Nf2
Kg5 72. Bd3 Qc6+ 73. Be4 Qc4 74. Bf3 Qa2 75. Kf1 Kh6 76. Kg1 Qd2 77. Ne4 Qb2
78. Nf2 Qb6 79. Kg2 Qe3 80. Ne4 Qc1 81. Nf2 Qc3 82. Be4 Qd2 83. Kf3 Qd6 84. Bc2
Qf8+ 85. Kg2 Qa3 86. Bd3 Qa8+ 87. Be4 Qg8 88. Bf3 Qc4 89. Ne4 Kg6 90. Nf2 Qa2
91. Be4+ Kg5 92. Kf3 Qe6 93. Kg2 Qb6 94. Bf3 Qb4 95. Kh3 Qd4 96. Kg2 Kg6 97.
Ne4 Qb6 98. Nf2 Qb2 99. Be4+ Kg5 100. Bd3 Qb3 101. Ne4+ Kh6 102. Be2 h4 103.
gxh4 Qb2 104. Ng3 e4 105. h5 Kg5 106. Kh3 Kf4 107. Kh2 Qd4 108. Nh1 Qd2 109.
Ng3 Qe1 110. Nf1 Qxe2+ 111. Kg1 e3 {PostModernist resigns} 0-1

[Event "ICS rated blitz match"]
[Site "204.178.125.65"]
[Date "2000.12.09"]
[Round "?"]
[White "Hossa"]
[Black "QuarkX"]
[Result "1-0"]
[WhiteElo "2562"]
[BlackElo "2421"]
[PlyCount "157"]
[EventDate "2000.??.??"]

1. e4 e5 2. Nf3 Nf6 3. Nxe5 d6 4. Nf3 Nxe4 5. d4 Be7 6. Bd3 d5 7. O-O Bf5 8.
Ne5 f6 9. Nf3 O-O 10. Re1 Nc6 11. c3 Nd6 12. Bxf5 Nxf5 13. g4 Nd6 14. Bf4 Qd7
15. Nh4 Na5 16. Nd2 Rfe8 17. Qf3 Qb5 18. b3 Bf8 19. a4 Qc6 20. Rac1 Re7 21.
Bxd6 Rxe1+ 22. Rxe1 Qxd6 23. b4 Nc6 24. Nb3 Rb8 25. Ng2 Ne7 26. Nf4 c6 27. Qe3
f5 28. gxf5 Nxf5 29. Qe5 Nh6 30. Ne6 Re8 31. Nbc5 b6 32. Qxd6 Bxd6 33. Nb7 Bf4
34. Re2 Bc7 35. Kf1 Bxh2 36. Nbd8 b5 37. a5 a6 38. Nxc6 Nf5 39. Nc5 Ra8 40.
Ne7+ Nxe7 41. Rxe7 Bf4 42. Ne6 Bd2 43. Rxg7+ Kh8 44. Rg3 Rc8 45. Nc5 Rc6 46.
Ke2 Bc1 47. Kd1 Bf4 48. Rf3 Bh2 49. Rf5 Rd6 50. Ke2 Kg7 51. Rg5+ Kf6 52. Rh5
Bf4 53. Rxh7 Rc6 54. Ra7 Kf5 55. Rxa6 Rc7 56. Rb6 Re7+ 57. Kd3 Re1 58. Rxb5 Rb1
59. Ke2 Rc1 60. Nd3 Rc2+ 61. Ke1 Bc7 62. Rc5 Ke4 63. Rxc7 Kxd3 64. Kf1 Rc1+ 65.
Kg2 Ke4 66. a6 Rc2 67. b5 Rd2 68. b6 Ra2 69. a7 Kf4 70. Rc8 Ke4 71. a8=Q Rxa8
72. Rxa8 Kd3 73. Rc8 Ke2 74. b7 Kd2 75. b8=Q Kc2 76. Qb5 Kc1 77. Qd3 Kb2 78.
Rb8+ Ka3 79. Qa6# {QuarkX checkmated} 1-0

[Event "ICS rated blitz match"]
[Site "204.178.125.65"]
[Date "2000.12.09"]
[Round "?"]
[White "Hossa"]
[Black "duendecilla"]
[Result "1-0"]
[WhiteElo "2572"]
[BlackElo "2512"]
[PlyCount "69"]
[EventDate "2000.??.??"]

1. e4 e6 2. d4 d5 3. Nd2 Bd7 4. Ngf3 a6 5. Bd3 Bb5 6. Bxb5+ axb5 7. O-O Nf6 8.
Qe2 c6 9. e5 Nfd7 10. Nb3 Be7 11. Be3 Nb6 12. Ne1 Nc4 13. Qg4 g6 14. Nd3 h5 15.
Qf3 Nd7 16. c3 Ndb6 17. a3 Na5 18. Nbc5 Nbc4 19. b3 Nb6 20. b4 Nac4 21. Nxb7
Qc7 22. Nbc5 Rxa3 23. Rxa3 Nxa3 24. Ra1 Nac4 25. Qg3 h4 26. Qg4 h3 27. g3 Qc8
28. Ra7 Nxe3 29. fxe3 Nc4 30. Qf4 O-O 31. Rxe7 Qa8 32. e4 Qa1+ 33. Qc1 Qa2 34.
Nf2 Qe2 35. Nd7 {duendecilla resigns} 1-0

[Event "ICS rated blitz match"]
[Site "204.178.125.65"]
[Date "2000.12.09"]
[Round "?"]
[White "DrVigilante"]
[Black "Hossa"]
[Result "1-0"]
[WhiteElo "2848"]
[BlackElo "2585"]
[PlyCount "109"]
[EventDate "2000.??.??"]

1. d4 Nf6 2. c4 e6 3. Nc3 Bb4 4. Qc2 O-O 5. a3 Bxc3+ 6. Qxc3 b6 7. Bg5 Bb7 8.
f3 h6 9. Bh4 d5 10. e3 Nbd7 11. Nh3 c5 12. dxc5 bxc5 13. Bd3 Qb6 14. O-O d4 15.
exd4 cxd4 16. Qd2 Qb3 17. Rfd1 Rfb8 18. Qa5 Bc6 19. Bg3 Rc8 20. Rd2 Qb6 21.
Qxb6 axb6 22. Re1 Re8 23. Bb1 e5 24. f4 Nh5 25. Bf2 Nxf4 26. Nxf4 exf4 27.
Rxe8+ Rxe8 28. Rxd4 f3 29. Rd6 Re6 30. Rxe6 fxe6 31. gxf3 Bxf3 32. b4 Bc6 33.
Bc2 Ne5 34. b5 Bb7 35. Bxb6 Nxc4 36. Bc5 Nd2 37. a4 Nf3+ 38. Kf2 e5 39. a5 Nxh2
40. a6 Ng4+ 41. Kg3 Bc8 42. Be4 Nf6 43. Bc6 Ne8 44. a7 Nc7 45. b6 Ne6 46. a8=Q
Nxc5 47. Qxc8+ Kh7 48. Qf5+ Kh8 49. b7 Nxb7 50. Qf8+ Kh7 51. Be4+ g6 52. Qf6
Kg8 53. Bd5+ Kh7 54. Qf7+ Kh8 55. Qg8# {Hossa checkmated} 1-0

[Event "ICS rated blitz match"]
[Site "204.178.125.65"]
[Date "2000.12.09"]
[Round "?"]
[White "Tinker"]
[Black "Hossa"]
[Result "0-1"]
[WhiteElo "2566"]
[BlackElo "2579"]
[PlyCount "140"]
[EventDate "2000.??.??"]

1. e4 e5 2. Nf3 Nc6 3. Bb5 a6 4. Ba4 Nf6 5. O-O Be7 6. Re1 b5 7. Bb3 O-O 8. c3
d6 9. h3 Na5 10. Bc2 c5 11. d4 Qc7 12. Nbd2 cxd4 13. cxd4 Bb7 14. Nf1 Rac8 15.
Re2 d5 16. dxe5 Nxe4 17. Ng3 Nxg3 18. fxg3 Nc6 19. Qd3 g6 20. Bb3 Na5 21. Bd1
Bc5+ 22. Be3 Nc4 23. Bxc5 Qxc5+ 24. Kh1 d4 25. Qxd4 Bxf3 26. Qxc5 Bxg2+ 27.
Kxg2 Rxc5 28. e6 fxe6 29. Rxe6 Rcf5 30. Bg4 Rf2+ 31. Kh1 Rxb2 32. Rxa6 Rff2 33.
Be6+ Kg7 34. Bxc4 bxc4 35. Ra3 Rh2+ 36. Kg1 Rbg2+ 37. Kf1 Rc2 38. Kg1 Rxh3 39.
Re1 Rhh2 40. Re4 Rcg2+ 41. Kf1 Rb2 42. Kg1 Rhc2 43. Ra7+ Kf6 44. Rf4+ Ke5 45.
Re7+ Kd5 46. Rd7+ Ke6 47. Rd1 Rxa2 48. Rf3 Rd2 49. Rxd2 Rxd2 50. Re3+ Kf5 51.
Rc3 Kg4 52. Kf1 h6 53. Ke1 Rg2 54. Rxc4+ Kxg3 55. Kd1 h5 56. Ke1 g5 57. Kd1 h4
58. Rc3+ Kf2 59. Rc8 h3 60. Rf8+ Kg3 61. Rf1 Ra2 62. Kc1 h2 63. Kb1 Re2 64. Kc1
Kg2 65. Rd1 h1=R 66. Rxh1 Kxh1 67. Kb1 Rf2 68. Kc1 Kh2 69. Kb1 g4 70. Ka1 g3 {
Tinker resigns} 0-1

[Event "ICS rated standard match"]
[Site "204.178.125.65"]
[Date "2000.12.09"]
[Round "?"]
[White "Hossa"]
[Black "Tinker"]
[Result "1-0"]
[WhiteElo "2361"]
[BlackElo "2377"]
[PlyCount "139"]
[EventDate "2000.??.??"]

1. d4 Nf6 2. c4 e6 3. Nc3 Bb4 4. Qc2 O-O 5. a3 Bxc3+ 6. Qxc3 b6 7. Bg5 Bb7 8.
f3 h6 9. Bh4 d5 10. e3 Nbd7 11. Nh3 c5 12. dxc5 bxc5 13. Bd3 e5 14. cxd5 Nxd5
15. Bxd8 Nxc3 16. Bh4 e4 17. Bc2 exf3 18. bxc3 fxg2 19. Rg1 Ne5 20. Ke2 Rae8
21. e4 f5 22. Bg3 fxe4 23. Bb3+ Kh7 24. Bxe5 Rxe5 25. Nf2 Ba6+ 26. c4 Rf3 27.
Bd1 Bxc4+ 28. Ke1 Rff5 29. Be2 e3 30. Ng4 Re4 31. Bxc4 Rxc4 32. Rxg2 Rc3 33.
Rg3 Rg5 34. Ke2 Rc2+ 35. Kf3 e2 36. Ne3 Ra2 37. Rag1 Rxg3+ 38. hxg3 Rxa3 39.
Kxe2 Ra6 40. Kd3 Ra5 41. Kc4 Kg8 42. Kd5 g6 43. Nc4 Rb5 44. Nd6 Rb3 45. Ne4 Rf3
46. Ra1 Rf5+ 47. Ke6 Rf7 48. Nxc5 h5 49. Ra3 Rf5 50. Nd7 a5 51. Ne5 Rg5 52. Rc3
Rf5 53. Rc8+ Kg7 54. Rc7+ Kg8 55. Ra7 Rf2 56. Nxg6 a4 57. Rxa4 Rb2 58. Ra7 Rb6+
59. Kf5 Rb5+ 60. Kf6 Rb6+ 61. Kg5 Ra6 62. Re7 h4 63. Kh6 Rxg6+ 64. Kxg6 Kf8 65.
Rf7+ Ke8 66. gxh4 Kd8 67. h5 Ke8 68. h6 Kd8 69. h7 Ke8 70. h8=Q# {
Tinker checkmated} 1-0

[Event "ICS rated blitz match"]
[Site "204.178.125.65"]
[Date "2000.12.09"]
[Round "?"]
[White "Hossa"]
[Black "Tinker"]
[Result "1-0"]
[WhiteElo "2594"]
[BlackElo "2551"]
[PlyCount "125"]
[EventDate "2000.??.??"]

1. d4 Nf6 2. c4 e6 3. Nc3 Bb4 4. Qc2 O-O 5. a3 Bxc3+ 6. Qxc3 b6 7. Bg5 Bb7 8.
f3 h6 9. Bh4 d5 10. e3 Nbd7 11. Nh3 c5 12. dxc5 bxc5 13. Bd3 Ne4 14. Bxd8 Nxc3
15. Be7 Rfe8 16. Bd6 Na4 17. b3 Nb2 18. Nf2 Rac8 19. O-O Rc6 20. Bg3 dxc4 21.
Be2 cxb3 22. Rab1 Na4 23. Bb5 Nc3 24. Bxc6 Bxc6 25. Rxb3 Ne2+ 26. Kh1 c4 27.
Rb2 Nxg3+ 28. hxg3 e5 29. g4 e4 30. f4 Nb6 31. Rc1 Kf8 32. Rd2 Ke7 33. Rd4 Kf8
34. Kh2 Re7 35. Nd1 Ke8 36. Nb2 Bd5 37. Na4 Nxa4 38. Rxd5 f6 39. Rd4 Nb6 40. a4
Nxa4 41. Rdxc4 Nb6 42. Rc7 g6 43. Rxe7+ Kxe7 44. Ra1 Kf8 45. Kg3 Nc4 46. Kf2 a5
47. Ra4 Nb2 48. Rxa5 Kf7 49. Ke2 Nd3 50. Ra7+ Kg8 51. Ra4 Nc1+ 52. Kf2 Nd3+ 53.
Kg3 Nb2 54. Rxe4 Kg7 55. Re7+ Kg8 56. Rc7 Nd3 57. Kf3 Ne1+ 58. Kf2 Nd3+ 59. Ke2
Nb2 60. Kd2 g5 61. Kc2 f5 62. fxg5 Na4 63. gxf5 {Tinker resigns} 1-0

[Event "ICS rated blitz match"]
[Site "204.178.125.65"]
[Date "2000.12.09"]
[Round "?"]
[White "Tinker"]
[Black "Hossa"]
[Result "1/2-1/2"]
[WhiteElo "2537"]
[BlackElo "2608"]
[PlyCount "184"]
[EventDate "2000.??.??"]

1. e4 e5 2. Nf3 Nc6 3. Bb5 a6 4. Ba4 Nf6 5. O-O Be7 6. Re1 b5 7. Bb3 O-O 8. c3
d6 9. h3 Na5 10. Bc2 c5 11. d4 Qc7 12. Nbd2 cxd4 13. cxd4 Bb7 14. Nf1 Rac8 15.
Re2 d5 16. dxe5 Nxe4 17. Ng3 Nxg3 18. fxg3 Rfe8 19. Qd3 g6 20. Kh1 Nc4 21. Qd4
Bb4 22. Bd3 Bf8 23. Bg5 Bg7 24. Bf4 Qc5 25. Qxc5 Rxc5 26. Rae1 f6 27. exf6 Rxe2
28. Bxe2 Bxf6 29. b3 Nb2 30. Rc1 Rxc1+ 31. Bxc1 Kg7 32. g4 Bc3 33. Be3 Bc8 34.
g3 Kf6 35. Kg1 Bd7 36. Bg5+ Kg7 37. Bf4 Kf7 38. Ne5+ Ke7 39. Bg5+ Kd6 40. Nxd7
Kxd7 41. a3 Bd4+ 42. Kg2 Bc5 43. Bd2 Bxa3 44. Kf3 Kc6 45. Bc3 Kc5 46. Ke3 d4+
47. Bxd4+ Kb4 48. Bxb2 Bxb2 49. Bd1 Be5 50. Kf3 a5 51. Bc2 Kc3 52. Bd1 b4 53.
Ke4 Bxg3 54. Kf3 Kd2 55. Be2 a4 56. bxa4 b3 57. Bc4 b2 58. Ba2 Bc7 59. h4 Kc1
60. Ke4 b1=B+ 61. Bxb1 Kxb1 62. h5 gxh5 63. gxh5 Ba5 64. h6 Kc2 65. Ke5 Bd2 66.
Kf6 Bxh6 67. a5 Be3 68. a6 Ba7 69. Ke5 Kd3 70. Kf4 Ke2 71. Kg3 Kf1 72. Kh2 Kf2
73. Kh1 Kf3 74. Kh2 Kg4 75. Kh1 h5 76. Kg2 h4 77. Kh2 Kf4 78. Kh1 Kf3 79. Kh2
Kg4 80. Kh1 Kf4 81. Kg2 h3+ 82. Kxh3 Kg5 83. Kg2 Kh5 84. Kf1 Kh6 85. Ke1 Kh7
86. Kd1 Kh8 87. Kc1 Kg8 88. Kb1 Kh8 89. Ka1 Kg8 90. Kb1 Kh8 91. Ka1 Kg8 92. Kb1
Kh8 {Game drawn by repetition} 1/2-1/2

[Event "ICS rated standard match"]
[Site "204.178.125.65"]
[Date "2000.12.09"]
[Round "?"]
[White "Interceptor"]
[Black "Hossa"]
[Result "1-0"]
[WhiteElo "2721"]
[BlackElo "2378"]
[PlyCount "97"]
[EventDate "2000.??.??"]

1. d4 g6 2. e4 d6 3. Nc3 Nf6 4. Nf3 Bg7 5. Be2 O-O 6. O-O c6 7. h3 b6 8. Re1 d5
9. e5 Nfd7 10. b3 Na6 11. e6 fxe6 12. Bxa6 Bxa6 13. Ng5 Nc5 14. b4 h6 15. Nf3
Ne4 16. Nxe4 dxe4 17. Rxe4 Qd5 18. Qe1 Rxf3 19. gxf3 Bxd4 20. Bxh6 Bf6 21. Rd1
Qh5 22. Qe3 g5 23. Qa3 Bc8 24. Rd8+ Kf7 25. Rf8+ Kg6 26. Bxg5 Kg7 27. Rxf6 exf6
28. Qc3 Kg8 29. Bxf6 c5 30. Rg4+ Qxg4+ 31. fxg4 a6 32. Qd2 Ra7 33. Qg5+ Kf8 34.
Qh6+ Ke8 35. Qh8+ Kd7 36. Qd8+ Kc6 37. bxc5 bxc5 38. Qxc8+ Kd5 39. c4+ Kxc4 40.
Qxe6+ Kb5 41. Qe8+ Kb6 42. Bd8+ Rc7 43. Qd7 Ka5 44. a3 Kb6 45. Bxc7+ Kb7 46.
Bd6+ Kb6 47. Qc7+ Kb5 48. Qxc5+ Ka4 49. Qb4# {Hossa checkmated} 1-0

[Event "ICS rated standard match"]
[Site "204.178.125.65"]
[Date "2000.12.09"]
[Round "?"]
[White "Hossa"]
[Black "ChesterX"]
[Result "1/2-1/2"]
[WhiteElo "2374"]
[BlackElo "2327"]
[PlyCount "325"]
[EventDate "2000.??.??"]

1. d4 Nf6 2. c4 e6 3. Nc3 Bb4 4. Qc2 O-O 5. a3 Bxc3+ 6. Qxc3 b6 7. Bg5 Ba6 8.
e4 Nxe4 9. Bxd8 Nxc3 10. Bxc7 Ne4 11. Bd3 d5 12. Bxe4 dxe4 13. b3 Nc6 14. Ne2
Rac8 15. Bf4 Rfd8 16. Be3 b5 17. c5 b4 18. axb4 Nxb4 19. Kf1 e5 20. Bd2 Bxe2+
21. Kxe2 Nc2 22. Rxa7 Nxd4+ 23. Ke3 Rxc5 24. Ba5 Rb8 25. b4 Rc2 26. Kxe4 Rxf2
27. Bc7 Re8 28. Rb7 Re2+ 29. Kd3 Rxg2 30. Bxe5 Nc6 31. Bc3 Nd8 32. Ra7 Ne6 33.
Rd7 Ra2 34. Rf1 f6 35. Bd2 Nf8 36. Rd5 Ra3+ 37. Bc3 Ra7 38. b5 Ra2 39. Rh1 Ne6
40. Rf5 Rc8 41. Bb4 Rd8+ 42. Kc3 Nd4 43. Rh5 Rd7 44. Re1 Rc2+ 45. Kd3 Rc8 46.
Re7 Rdd8 47. Re4 Nc2+ 48. Ke2 Re8 49. Be7 Kf7 50. Rxh7 f5 51. Re5 Rxe7 52.
Rxg7+ Kxg7 53. Rxe7+ Kf6 54. Rb7 Rh8 55. Kd3 Rxh2 56. Rb8 Nb4+ 57. Kd4 Rh4+ 58.
Kc5 Ke7 59. Ra8 Nd3+ 60. Kd5 f4 61. b6 Rh6 62. b7 Rd6+ 63. Ke4 Nc5+ 64. Kxf4
Nxb7 65. Ra7 Rb6 66. Ke5 Rb5+ 67. Kd4 Ke6 68. Ra6+ Nd6 69. Ra2 Rd5+ 70. Ke3 Ke5
71. Re2 Rd4 72. Kf3+ Ne4 73. Ke3 Rb4 74. Kf3 Ra4 75. Re1 Ra3+ 76. Re3 Ra4 77.
Re1 Rc4 78. Re3 Rd4 79. Kg4 Rd2 80. Re1 Rf2 81. Kh3 Kf4 82. Rh1 Rf3+ 83. Kh4
Nf2 84. Rh2 Kf5 85. Kh5 Ne4 86. Kh6 Rg3 87. Rh5+ Kf4 88. Rh4+ Ke5 89. Rh5+ Kd4
90. Rf5 Re3 91. Kg7 Nd6 92. Rf4+ Ke5 93. Rf2 Re1 94. Rf3 Re2 95. Rf1 Rc2 96.
Re1+ Ne4 97. Kf7 Rc7+ 98. Kg6 Rd7 99. Re2 Rb7 100. Re1 Re7 101. Re2 Re6+ 102.
Kf7 Kd5 103. Kf8 Kd4 104. Re1 Ke5 105. Rf1 Rc6 106. Rf7 Rd6 107. Re7+ Kd4 108.
Ke8 Kd5 109. Kf8 Rd8+ 110. Kg7 Rc8 111. Rd7+ Ke6 112. Rd4 Rc6 113. Rxe4+ Kd5
114. Rf4 Ke5 115. Rg4 Rc3 116. Kh7 Kf5 117. Rh4 Rc7+ 118. Kh8 Kg6 119. Rg4+ Kf6
120. Kg8 Rc8+ 121. Kh7 Kf5 122. Rh4 Kg5 123. Rh3 Rc7+ 124. Kh8 Kg6 125. Rg3+
Kf6 126. Kg8 Rc5 127. Kh8 Rf5 128. Kg8 Ke5 129. Kh8 Rf7 130. Kg8 Rf1 131. Kh8
Kf6 132. Kg8 Rd1 133. Kh8 Rd7 134. Rg2 Kf5 135. Kg8 Ke4 136. Kh8 Rf7 137. Kg8
Rf5 138. Kh8 Kf3 139. Rh2 Rg5 140. Kh7 Ke3 141. Kh8 Rg4 142. Rh1 Kf4 143. Kh7
Ke5 144. Kh8 Rg6 145. Kh7 Rg2 146. Kh8 Kd4 147. Kh7 Kd5 148. Kh8 Rg6 149. Kh7
Rg4 150. Kh8 Ke4 151. Kh7 Rg2 152. Kh8 Rg6 153. Kh7 Rg4 154. Kh6 Rg2 155. Kh7
Rg3 156. Kh8 Kf5 157. Rf1+ Ke5 158. Kh7 Rg4 159. Kh8 Rg6 160. Kh7 Rg3 161. Kh8
Rd3 162. Kg8 Rd4 163. Kh8 {Game drawn by the 50 move rule} 1/2-1/2

[Event "ICS rated blitz match"]
[Site "204.178.125.65"]
[Date "2000.12.09"]
[Round "?"]
[White "Hossa"]
[Black "lupica"]
[Result "1-0"]
[WhiteElo "2607"]
[BlackElo "2217"]
[PlyCount "47"]
[EventDate "2000.??.??"]

1. d4 c5 2. e4 cxd4 3. c3 dxc3 4. Nxc3 Nc6 5. Nf3 d6 6. Bd3 e5 7. Qb3 Nf6 8.
Ng5 Qe7 9. Bc4 Nd8 10. O-O h6 11. Nf3 a6 12. Nd5 Nxd5 13. Bxd5 Be6 14. Be3 Bxd5
15. exd5 g6 16. Bb6 Bg7 17. Rac1 O-O 18. Rc7 Qf6 19. Nd2 Qh4 20. Nc4 e4 21. Qb4
Be5 22. Nxe5 dxe5 23. Bc5 Re8 24. f3 {lupica resigns} 1-0

[Event "ICS rated blitz match"]
[Site "204.178.125.65"]
[Date "2000.12.09"]
[Round "?"]
[White "lupica"]
[Black "Hossa"]
[Result "0-1"]
[WhiteElo "2214"]
[BlackElo "2610"]
[PlyCount "78"]
[EventDate "2000.??.??"]

1. e4 e5 2. Nf3 Nc6 3. Bb5 Nge7 4. O-O a6 5. Ba4 d6 6. c3 f5 7. exf5 Bxf5 8. d4
e4 9. Nh4 Be6 10. Bg5 Qc8 11. Bxe7 Bxe7 12. d5 Bg4 13. f3 exf3 14. Nxf3 b5 15.
dxc6 bxa4 16. Qxa4 O-O 17. Nbd2 d5 18. Nd4 Bg5 19. N2f3 Be3+ 20. Kh1 Qe8 21.
Rae1 Qe4 22. Qd1 Bxf3 23. gxf3 Qf4 24. Qd3 Bxd4 25. Qxd4 Qxd4 26. cxd4 Rf6 27.
Rc1 Rb8 28. b3 Rb4 29. Rfd1 Rxf3 30. Rc5 Rf5 31. Ra5 Rb6 32. Rc1 Kf7 33. Kg2
Ke6 34. Re1+ Kd6 35. Rc5 Rf4 36. Rec1 Rxd4 37. R5c2 Rf4 38. Kg3 Rf6 39. h4 Rb4
{lupica resigns} 0-1

[Event "ICS rated blitz match"]
[Site "204.178.125.65"]
[Date "2000.12.09"]
[Round "?"]
[White "lupica"]
[Black "Hossa"]
[Result "0-1"]
[WhiteElo "2208"]
[BlackElo "2616"]
[PlyCount "50"]
[EventDate "2000.??.??"]

1. e4 e5 2. Nf3 Nc6 3. Bb5 a6 4. Ba4 Nf6 5. O-O Be7 6. Bxc6 dxc6 7. d3 Qd6 8.
Nbd2 Be6 9. b3 O-O 10. Bb2 Nd7 11. Nc4 Bxc4 12. dxc4 Rfd8 13. Qe2 Qe6 14. Rad1
b5 15. Nd2 Bb4 16. c3 Be7 17. b4 Nb6 18. c5 Qxa2 19. cxb6 Qxb2 20. bxc7 Rdc8
21. Qe3 Rxc7 22. Nf3 c5 23. Nxe5 cxb4 24. Qf4 Qa2 25. c4 f6 {lupica resigns}
0-1